00219nam a2200085Ia 4500008004100000041000800041100001900049245002500068260004000093231107s1994 xx 000 0 und d aeng aBagnall Ursula aGetting Started Oils aCaliforniabWalter Faster pubc1994